01561nab a22002537a 4500999001500000003000400015005001700019008004100036040000700077100002900084245009500113260007300208300001500281500002800296505033200324505028200656505008200938650002301020650001901043650003501062650004201097773015501139942001301294 c5592d5592OSt20251219173052.0190429b xxu||||| |||| 00| 0 spa d cPJ 96571aBonaven, Alejandra13aEl avenimiento : bla injerencia de la víctima en el proceso penal /cAlejandra Bonaven. cCiudad Autónoma de Buenos Aires :aThomson Reuters La Ley, b2025. ap. 120-126 aCita: AR/DOC/1350/2025. aSumario: I. Introducción.— II. Hechos y planteos de las cuestiones tratadas.— III. Breve explicación de la figura del avenimiento aplicable en el Cód. Proc. Penal de la Ciudad de Buenos Aires. Facultades del juez.— IV. Derecho de las víctimas en delitos que atentan contra su libertad sexual.— V. Conclusión.  aFallo comentado: CPenal, Penal Juvenil, Contravencional y de Faltas, Ciudad Autónoma de Buenos Aires, sala II ~ 21/02/2025 ~ F. M., E. A. s/ 131 - Contactar menor de edad por intermedio de tecnologías para cometer delitos de integridad sexual s/ incidente de apelación. tSi te interesa el texto completo, solicitalo a koha@justierradelfuego.gov.ar  09343aDERECHO PENAL 094857aGROOMING 094885aDERECHOS DE LA VÍCTIMA 092730aRÉGIMEN PENAL DE LA MINORIDAD0 0265893164tRevista de derecho penal y criminología. Nº 6 - Julio 2025dCiudad Autónoma de Buenos Aires : Thomson Reuters La Ley, 2017-x00347914 2udccANA